| 000 | 00719nam a2200217Ia 4500 | ||
|---|---|---|---|
| 003 | GCL | ||
| 008 | 140319s9999 xx 000 0 ara d | ||
| 020 | _a0107367977 | ||
| 040 |
_aGCL / _cGCL |
||
| 082 | 0 | 4 |
_a811.09 _bج ح |
| 100 | 1 | _aجابر قميحة | |
| 245 | 1 | 0 |
_aحسبكم الله و نعم الوكيل / _cجابر قميحة |
| 250 | _aالاولى | ||
| 260 |
_aالقاهرة : _bمركز الاعلام العربى ، _c2006 |
||
| 300 |
_a247 ص ؛ _c20 سم |
||
| 650 | 0 | 4 | _aالشعر الدينى |
| 650 | 0 | 4 | _aالشعر العربى - دواوين وقصائد |
| 650 | 0 | 4 | _aالشعر العربى - مجموعات |
| 650 | 0 | 4 | _aالشعر السياسى - فلسطين |
| 942 |
_2ddc _cBK |
||
| 999 |
_c8858 _d8858 |
||